Landholding and commercial agriculture in the Middle East /
Saved in:
Main Author:
Other Authors:
Format: Book
Language: English
Subjects:
Tags: Add Tag
No Tags, Be the first to tag this record!
Call Number: HD2056.5 .L36 1991
| LEADER | 01240namaa2200337 4500 | ||
|---|---|---|---|
| 001 | 20513 | ||
| 003 | OSt | ||
| 005 | 20210125113226.0 | ||
| 008 | 130303s1991 nyu g b 001 0 eng d | ||
| 952 | |0 0 |1 0 |2 lcc |4 0 |6 HD20565 L36 01991 |7 1 |9 9783 |a ARCE |b ARCE |d 2021-01-25 |l 0 |o HD2056.5 .L36 1991 |p 1004956 |r 2021-01-25 00:00:00 |w 2021-01-25 |y BK | ||
| 999 | |c 18131 |d 18131 | ||
| 010 | |a 90035231 | ||
| 020 | |a 0791405508 | ||
| 020 | |a 0791405516 | ||
| 040 | |c ARCE Library | ||
| 043 | |a aw----- |a a-tu--- | ||
| 050 | 0 | 4 | |a HD2056.5 .L36 1991 |
| 100 | 1 | |a Keyder, Çağlar, |e author |9 33786 | |
| 245 | 1 | 0 | |a Landholding and commercial agriculture in the Middle East / |c edited by Çağlar Keyder and Faruk Tabak. |
| 264 | 1 | |a Albany : |b State University of New York Press, |c 1991. | |
| 300 | |a vi, 260 pages ; |c 24 cm. | ||
| 336 | |a text |b txt |2 rdacontent | ||
| 337 | |a unmediated |b n |2 rdamedia | ||
| 338 | |a volume |b nc |2 rdacarrier | ||
| 504 | |a Includes bibliographical references (pages [235]-253) and index. | ||
| 650 | 0 | |a Agriculture |x Economic aspects |z Middle East |x History. | |
| 650 | 0 | |a Land tenure |z Middle East |x History. | |
| 651 | 0 | |a Turkey |x History |y Ottoman Empire, 1288-1918. | |
| 700 | 1 | |a Tabak, Faruk. |9 40760 | |
| 901 | |a reviewed | ||
| 942 | |c BK |2 lcc | ||
